000 00263nam a2200109Ia 4500
008 260210s9999 xx 000 0 und d
020 _a9787560982878
100 _aHustp
245 0 _aUrban Architectual Decoration (Price Printed)
260 _bHustp
942 _cPG
999 _c14028
_d14028